000 00430pab a2200157 454500
008 180718b2011 xxu||||| |||| 00| 0 eng d
100 _aFrerichs, Sabine
245 _aFalse promises? A sociological critique of the behavioural turn in law and economics
260 _c2011
300 _ap.289-314.
362 _aSep
650 _aBehavioural economics
773 _aJournal of Consumer Policy
908 _aN
909 _a93606
999 _c93606
_d93606